01017nam a2200181 4500003001000000005001700010008004100027040001400068041000700082100002200089245010000111260004100211300001200252500005100264520049300315650001500808654001200823IT-MiCISF20230412143624.0230411b |||||||| |||| 00| 0 eng d cIT-MiCISF ait aColella Maria Pia aEducare ai sentimenti e alla sessualità.bAccompagnare la crescita del cuore dei nostri figli aCinisello B. (MI),bSan Paolo,c2021 app. 127 aeducazione, affettività, educazione-sessuale aQuali sono le scelte giuste che genitori e adulti devono fare oggi per educare i figli e i giovanissimi all'affettività e a una sessualità gioiosa e responsabile? Come orientare i giovani alla conoscenza di se stessi e all'uso responsabile delle proprie emozioni e dei propri desideri? Nel testo si cerca di dare risposte a questi interrogativi attraverso un percorso scandito da tre "S-: Sapere (come funziona il mondo emotivo). Saper fare (come educarlo). Saper essere (come viverlo aEducazione amanuale